Neighbourhoods of Vancouver - Statistics

General Stats
  • This quiz has been taken 80 times
    79 since last reset
  • The average score is 12 of 23
Answer Stats
Population Neighbourhood % Correct
62 030 Downtown
84%
43 045 Kitsilano
76%
24 460 Marpole
69%
47 200 West End
69%
32 955 Mount Pleasant
67%
13 975 Kerrisdale
61%
13 065 West Point Grey
61%
8 430 Shaughnessy
55%
36 500 Sunset
55%
29 325 Killarney
49%
51 530 Renfrew-Collingwood
47%
33 620 Fairview
45%
34 575 Hastings-Sunrise
45%
13 030 Oakridge
45%
22 555 Riley Park
45%
12 585 Strathcona
45%
7000 Downtown Eastside
43%
29 175 Grandview-Woodland
43%
49 325 Kensington-Cedar Cottage
43%
15 295 Arbutus Ridge
41%
21 425 Dunbar-Southlands
41%
7 970 South Cambie
39%
31 065 Victoria-Fraserview
33%
No matching quizzes found
Score Distribution
Percent of People with Each Score
Percentile by Number Answered
Your Score History
You have not taken this quiz since the last reset